000 00449nam a2200181Ia 4500
001 1399
005 20260306143725.0
008 260306t2018||||xx |||||||||||||| ||spa||
041 _aESP
082 _a150
_bD23
100 _aDanziger, Kurt
_eAUT
245 0 _aNombrar la mente :
_bcómo la psicología encontró su lenguaje
260 _c2018
300 _a208 páginas :
_c23 cm.
650 _aGEN
654 _aCPS
942 _cLIB
_dJUS
_fJUS
_2ddc
_n
999 _c1399
_d1399